Statistics for Rio 2016 Summer Paralympic Sports

Click here to take the quiz!

General Stats

  • This quiz has been taken 39 times
  • The average score is 16 of 22

Answer Stats

Sport% Correct
Football 5-a-side
100%
Football 7-a-side
100%
Athletics
93%
Swimming
93%
Wheelchair Basketball
93%
Wheelchair Tennis
90%
Archery
80%
Cycling
80%
Judo
77%
Table Tennis
77%
Wheelchair Rugby
73%
Rowing
70%
Sailing
70%
Volleyball
70%
Boccia
67%
Wheelchair Fencing
63%
Goalball
60%
Powerlifting
57%
Shooting
57%
Equestrian
53%
Paracanoe
50%
Paratriathlon
43%

Score Distribution

Percentile by Number Answered

Percent of People with Each Score

Your Score History

You have not taken this quiz